| 000 | 00403nam a2200121 a 4500 | ||
|---|---|---|---|
| 082 | 0 | 0 | _a297.211 DSO |
| 100 | _aD`Souza, Andreas Felix | ||
| 245 | _aConcept of Revelation in the Writings of Three Modern Indian Muslims: A Study of Ahmad Khan, Abu Al-Kalam Azad and Abu-al Mawdudi | ||
| 260 |
_aMontreal _bMcgill Univ.Inst.Of Islamic St. _c1988 |
||
| 300 | _a341 | ||
| 650 | _aRevelation-Islam | ||
| 942 | _cRRB | ||
| 999 |
_c8892 _d8892 |
||